LDR 01126naa#a2200289#i#450# 001 EN\\bibl\126200 005 20260702000838.4 011 ## _a1681-1208 100 ## _a20260701b2026####ek#y0engy0150####ca 101 0# _aENG 102 ## _aRU 200 1# _aLong-Term Earthquake Prediction by S. A. Fedotov for the Kuril–Kamchatka Arc and the Kamchatka Megathrust Earthquake of July 29, 2025. Review _eJournal article 210 1# _aMoscow _cGeophysical Center of the Russian Academy of Sciences _d2026 215 ## _a0 с. 606 ## _aНауки о Земле. 05.00.00 _2local 608 ## _aJournal article _2local 675 ## _aГеология. Геологические и геофизические науки. 55 _zENG 686 ## _aНауки о Земле. 26 _2bbk 686 ## _aНауки о Земле. Экология. 63 _2tbk 686 ## _aГЕОФИЗИКА. 37.00 _2grnti 686 ## _aГЕОЛОГИЯ. 38.00 _2grnti 700 #1 _aGvishiani _gAlexei D. 700 #1 _aGliko _gAlexander Olegovich 700 #1 _aDzeboev _gBoris Arkadievich 700 #1 _aDzeranov _gB. V. 700 #1 _aKedrov _gErnest Olegovich 856 4# _arjes.ru _u